[Event "Gatineau Hull CC LEO-chC"]
[Site "Gatineau"]
[Date "2008.04.22"]
[Round "2"]
[White "Reitano, Michael"]
[Black "Rainey, Ivan"]
[Result "0-1"]
[WhiteElo "987"]
[BlackElo "1337"]
[PlyCount "68"]
[EventDate "2008.04.15"]
[EventType "swiss"]
[EventRounds "6"]
[EventCountry "CAN"]
[SourceTitle "EXT 2022"]
[Source "ChessBase"]
[SourceDate "2021.10.06"]
[SourceVersion "1"]
[SourceVersionDate "2021.10.06"]
[SourceQuality "1"]

1. e4 c6 2. d4 d5 3. e5 Bf5 4. c3 e6 5. Nf3 c5 6. Be2 h6 7. Be3 Qb6 8. Nh4 Qxb2 9. Qd2 Qxa1 10. Qc1 Qxb1 11. 0-0 Qxc1 12. Rxc1 cxd4 13. cxd4 Nc6 14. Bb5 Rc8 15. f4 Nge7 16. Nf3 Ng6 17. h3 a6 18. Ba4 b5 19. Bd1 Bb4 20. Rc2 Bxc2 21. Bxc2 0-0 22. g4 Nce7 23. f5 Rxc2 24. Ne1 Bxe1 25. h4 Nxh4 26. Kf1 Bd2 27. Ke2 Bxe3+ 28. Kxe3 exf5 29. Kf4 Rfc8 30. gxf5 R8c3 31. f6 Rf3+ 32. Kg4 Rg2+ 33. Kxh4 Nf5+ 34. Kh5 g6# 0-1

[Event "Gatineau Monarque Noir 2nd"]
[Site "Gatineau"]
[Date "2008.02.19"]
[Round "6"]
[White "Berthiaume, Patrick"]
[Black "Reitano, Michael"]
[Result "1-0"]
[WhiteElo "1098"]
[BlackElo "967"]
[PlyCount "47"]
[EventDate "2008.01.15"]
[EventType "swiss"]
[EventRounds "7"]
[EventCountry "CAN"]
[SourceTitle "EXT 2011"]
[Source "ChessBase"]
[SourceDate "2010.11.26"]
[SourceVersion "1"]
[SourceVersionDate "2010.11.26"]
[SourceQuality "1"]

1. e4 e5 2. Nf3 Nc6 3. Bc4 Nh6 4. Nc3 d6 5. d3 f6 6. 0-0 Bd7 7. h3 Na5 8. Bb3 Bc6 9. Be3 g6 10. Qd2 Nf7 11. Bxf7+ Kxf7 12. b4 b6 13. bxa5 bxa5 14. Nh2 h6 15. f4 Rb8 16. Nf3 Qd7 17. fxe5 dxe5 18. Nxe5+ Ke7 19. Nxd7 Bxd7 20. Nd5+ Kd8 21. Qxa5 Rb5 22. Qxc7+ Ke8 23. Nxf6+ Ke7 24. Qxd7# 1-0